UBT Library

Discrete mathematics / (Record no. 1371)

000 -LEADER
fixed length control field 00514nam a22001817a 4500
008 - FIXED-LENGTH DATA ELEMENTS--GENERAL INFORMATION
fixed length control field 151119b xxu||||| |||| 00| 0 eng d
020 ## - INTERNATIONAL STANDARD BOOK NUMBER
International Standard Book Number 0023596902
041 0# - LANGUAGE CODE
Language code of text/sound track or separate title eng
080 ## - UNIVERSAL DECIMAL CLASSIFICATION NUMBER
Universal Decimal Classification number 510.2
100 1# - Rafti
Rafti Johnsonbaugh, Richard,
245 10 - TITLE STATEMENT
Title Discrete mathematics /
Statement of responsibility, etc Richard Johnsonbaugh.
250 ## -
-- 2nd ed.
260 ## -
-- New York :
-- London :
-- Macmillan ;
-- Collier Macmillan,
-- 1990.
300 ## -
-- xiv, 705 f. :
-- me ill. ;
-- 26 cm.
650 #0 -
-- Shkenca Kompjuterike
650 #0 -
-- Matematika
942 ## - ADDED ENTRY ELEMENTS (KOHA)
Source of classification or shelving scheme
Item type Books
Holdings
Withdrawn status Lost status Source of classification or shelving scheme Damaged status Not for loan Collection code Permanent location Current location Shelving location Date acquired Total Checkouts Full call number Barcode Date last seen Koha item type
          Koleksioni i përgjithshem UBT - Lipjan UBT - Lipjan Koleksioni i përgjithshem 11/19/2015   510.2 JOH 002-008652 11/19/2015 Books
UBT Library © 2015-2024. All rights reserved University Education for Business and Technology